000 00473cam a22001812a 4500
001 003394
003 AR-FADEU
008 311216n1964####xxu####################dd
092 _a150.944
_bH265
100 _aHardouin, Y.
245 _aLos estudios de psicología en Francia
260 _aSanta Fé
260 _bUniversidad Nacional del Litoral
260 _c1964
300 _a31 p
650 _aPSICOLOGIA-ENSENANZA; FRANCIA-ESTUDIOS EN PSICOLOGIA
942 _cBDGR
999 _c9224
_d9224